000 01086nam a2200289 a 4500
001 60040
003 BD-RjUL
005 20211209080810.0
008 161228s1983 caua b 001 0 eng
020 _a080392108X
035 _a(BD-RjUL)60164
040 _aDLC
_cDLC
_dDLC
_beng
041 _aeng
082 0 0 _a364.360973
_219
_bKOC 1983
100 1 _aKobrin, Solomon.
_9178654
245 1 0 _aCommunity treatment of juvenile offenders :
_bthe DSO experiments /
_cSolomon Kobrin, Malcolm W. Klein, written with Elaine M. Corry ... [et al.].
260 _aBeverly Hills :
_bSage Publications,
_cc1983.
300 _a341 p. :
_bill. ;
_c23 cm.
500 _aIncludes indexes.
504 _aBibliography: p. 323-330.
650 0 _aJuvenile delinquency
_zUnited States
_xPrevention.
_9178655
700 1 _aKlein, Malcolm W.
_9178656
856 4 2 _3Publisher description
_uhttp://www.loc.gov/catdir/enhancements/fy0654/83013758-d.html
856 4 1 _3Table of contents only
_uhttp://www.loc.gov/catdir/enhancements/fy0654/83013758-t.html
942 _2ddc
_cBK
999 _c60040
_d60040